000 00792nam a2200289Ia 4500
005 20260324150654.0
008 008 260324s9999 xx 000 0 eng d
020 _a9781315009131
037 _aEBOOK
040 _aCRL
040 _beng
040 _cCRL
041 _2eng
041 _aeng
084 _qCRL
100 _aIra Progoff
_91227212
245 0 _aJung's Psychology and its Social Meaning
245 3 _bAn introductory statement of C G Jung's psychological theories and a first interpretation of their significance for the social sciences
260 _bTaylor and Francis
260 _c1953
365 _a
365 _b540
856 _uhttp://www.taylorfrancis.com/books/9781315009131
942 _cEBOOK
999 _c1837091
_d1837091